| 000 | 01379nam a2200241Ia 4500 | ||
|---|---|---|---|
| 003 | Ost | ||
| 005 | 20260507075126.0 | ||
| 008 | 260507s9999||||xx |||||||||||||| ||und|| | ||
| 040 | _cfsecg | ||
| 041 | _aara | ||
| 082 | _a330 | ||
| 100 |
_aالعطية، ماجدة _eمؤلف |
||
| 245 | 0 |
_aإدارة المشروعات الصغيرة / _c ماجدة العطية |
|
| 260 |
_aعمان: _bدار المسيرة, _c2004 |
||
| 300 |
_a208 صفحة؛ _bإيضاحات ؛ _c25 سم |
||
| 520 | _aمدخل إلى المشروعات الصغيرة-أشكال الملكية للمشروعات الصغيرة-تأسيس المشروع الصغير-مصادر تمويل المشروعات الصغيرة-اختيار الموقع للمشروعات الصغيرة-ادارة المشتريات والمستودعات في المشروعات الصغيرة-الخطة التسويقية في المشروعات الصغيرة-قروض العملاء-التأمين والمخاطرة والسرقة-المحاسبة المالية للمشروعات الصغيرة-البيئة الأخلاقية والقانونية للمشاريع الصغيرة | ||
| 653 | _aالتأمين - البنوك | ||
| 653 | _aالتسويق | ||
| 653 | _aالمحاسبة المالية | ||
| 653 | _aالمشاريع الصغيرة | ||
| 653 | _aقروض العملاء | ||
| 942 | _cكتاب | ||
| 999 |
_c43146 _d43146 |
||